Review of Ex Post Assessments and Issues Relating to the Policy on Longer-Term Program Engagement.

This review assesses the experience gained to date in carrying out the longer-term program engagement (LTPE) policy and preparing the ex post assessments (EPAs). It discusses the main characteristics of LTPE members and the findings of the EPAs, analyzes the role of the EPAs in the Fund's due d...

Descrición completa

Detalles Bibliográficos
Autor Corporativo: International Monetary Fund
Formato: Revista
Idioma:English
Publicado: Washington, D.C. : International Monetary Fund, 2006.
Series:Policy Papers; Policy Paper ; No. 2006/008
Subjects:
Acceso en liña:Full text available on IMF
LEADER 01620cas a2200313 a 4500
001 AALejournalIMF019647
008 230101c9999 xx r poo 0 0eng d
020 |c 5.00 USD 
020 |z 9781498332903 
022 |a 2663-3493 
040 |a BD-DhAAL  |c BD-DhAAL 
110 2 |a International Monetary Fund. 
245 1 0 |a Review of Ex Post Assessments and Issues Relating to the Policy on Longer-Term Program Engagement. 
264 1 |a Washington, D.C. :  |b International Monetary Fund,  |c 2006. 
300 |a 1 online resource (52 pages) 
490 1 |a Policy Papers 
500 |a <strong>Off-Campus Access:</strong> No User ID or Password Required 
500 |a <strong>On-Campus Access:</strong> No User ID or Password Required 
506 |a Electronic access restricted to authorized BRAC University faculty, staff and students 
520 3 |a This review assesses the experience gained to date in carrying out the longer-term program engagement (LTPE) policy and preparing the ex post assessments (EPAs). It discusses the main characteristics of LTPE members and the findings of the EPAs, analyzes the role of the EPAs in the Fund's due diligence, and provides recommendations for improving their effectiveness. 
538 |a Mode of access: Internet 
650 7 |a Country Authorities  |2 imf 
650 7 |a EPA Report  |2 imf 
650 7 |a EPA Staff Report  |2 imf 
650 7 |a EPA Team  |2 imf 
650 7 |a PP  |2 imf 
651 7 |a Jordan  |2 imf 
830 0 |a Policy Papers; Policy Paper ;  |v No. 2006/008 
856 4 0 |z Full text available on IMF  |u http://elibrary.imf.org/view/journals/007/2006/008/007.2006.issue-008-en.xml  |z IMF e-Library